[Event "New York Marshall CC-ch 92nd"]
[Site "New York"]
[Date "2008.10.25"]
[Round "6"]
[White "Gaillard, Edward"]
[Black "Korley, Kassa"]
[Result "0-1"]
[WhiteElo "2153"]
[BlackElo "2082"]
[PlyCount "102"]
[EventDate "2008.10.17"]
[EventType "swiss"]
[EventRounds "9"]
[EventCountry "USA"]
[SourceTitle "EXT 2010"]
[Source "ChessBase"]
[SourceDate "2010.11.25"]
[SourceVersion "1"]
[SourceVersionDate "2010.11.25"]
[SourceQuality "1"]

1. Nf3 Nf6 2. c4 g6 3. Nc3 Bg7 4. e4 d6 5. d4 0-0 6. Be3 Bg4 7. Be2 Nc6 8. d5 Bxf3 9. Bxf3 Ne5 10. Be2 c5 11. f4 Ned7 12. 0-0 a6 13. Qc2 Ne8 14. Rae1 Nc7 15. e5 dxe5 16. f5 Ne8 17. Ne4 Nd6 18. fxg6 hxg6 19. Ng5 Nf6 20. Bd3 Nh7 21. Nxh7 Kxh7 22. Bxc5 f5 23. g4 e4 24. gxf5 exd3 25. fxg6+ Kg8 26. Qd1 Qc7 27. b4 Rxf1+ 28. Rxf1 Rf8 29. Qxd3 b6 30. Rxf8+ Bxf8 31. Qh3 Bg7 32. Qe6+ Kf8 33. Bxd6 Bd4+ 34. Kg2 exd6 35. Qf5+ Kg7 36. Qd3 Be5 37. h4 Qe7 38. Kh3 Qf6 39. h5 Qf4 40. a3 Qh2+ 41. Kg4 Qf4+ 42. Kh3 Qg5 43. Qf3 Kh6 44. a4 a5 45. c5 dxc5 46. bxa5 bxa5 47. d6 Bxd6 48. Qg4 Qxg4+ 49. Kxg4 c4 50. Kf3 c3 51. Ke2 Be5 0-1

[Event "New York Marshall CC-ch 91st"]
[Site "New York"]
[Date "2007.12.09"]
[Round "4"]
[White "Gaillard, Edward"]
[Black "Zenyuk, Iryna"]
[Result "1-0"]
[WhiteElo "2160"]
[BlackElo "2197"]
[PlyCount "131"]
[EventDate "2007.12.07"]
[EventType "swiss"]
[EventRounds "9"]
[EventCountry "USA"]
[SourceTitle "CBM 122 Extra"]
[Source "ChessBase"]
[SourceDate "2008.03.04"]
[SourceVersion "1"]
[SourceVersionDate "2008.03.04"]
[SourceQuality "1"]

1. Nf3 Nf6 2. c4 g6 3. Nc3 Bg7 4. e4 d6 5. d4 0-0 6. Be3 e5 7. dxe5 dxe5 8. Qxd8 Rxd8 9. Nd5 Nxd5 10. cxd5 c6 11. Bc4 b5 12. Bb3 Bb7 13. Rc1 h6 14. 0-0 cxd5 15. Rc7 Bc6 16. Rc1 d4 17. Rxf7 Kh8 18. Bd2 Be8 19. Re7 Nd7 20. Rc7 Bf8 21. Rxe8 Rxe8 22. Rxd7 Bg7 23. Ba5 Rac8 24. Bc7 g5 25. Bf7 Rf8 26. Nxe5 Kh7 27. Bb3 Rfe8 28. Ng4 Kh8 29. f3 d3 30. Nf2 d2 31. Kf1 Bxb2 32. Ke2 Bc3 33. Nd1 Bb4 34. Bf7 Re7 35. Rxe7 Bxe7 36. Be5+ Kh7 37. Kxd2 a5 38. Be6 Rd8+ 39. Bd5 Kg6 40. Bc7 Bb4+ 41. Kd3 Rd7 42. Be5 Bd6 43. Bxd6 Rxd6 44. Kd4 Rd8 45. g3 b4 46. f4 gxf4 47. gxf4 a4 48. f5+ Kg5 49. Kc5 Rb8 50. Kc4 h5 51. Bc6 b3 52. axb3 axb3 53. Nb2 Rc8 54. Kc5 h4 55. h3 Kf4 56. Kd6 Rd8+ 57. Ke7 Rc8 58. Bd7 Rb8 59. f6 Kxe4 60. f7 Kd4 61. Be8 Rb7+ 62. Kf6 Rxf7+ 63. Bxf7 Kc3 64. Kg5 Kxb2 65. Kxh4 Kc3 66. Bxb3 1-0

[Event "CFriend SH-2004-0-00019 email"]
[Site "Chessfriend.com"]
[Date "2004.04.02"]
[Round "1"]
[White "Daurelle, Herve"]
[Black "Gaillard, Edward"]
[Result "1/2-1/2"]
[WhiteElo "2272"]
[BlackElo "2231"]
[PlyCount "75"]
[EventDate "2004.04.02"]
[EventType "tourn (corr)"]
[EventRounds "12"]
[SourceTitle "Corr 2008"]
[Source "ChessBase"]
[SourceDate "2008.06.24"]
[SourceVersion "1"]
[SourceVersionDate "2008.06.24"]
[SourceQuality "1"]

1. e4 c5 2. Nf3 e6 3. d4 cxd4 4. Nxd4 a6 5. Bd3 Nf6 6. 0-0 Qc7 7. Qe2 d6 8. c4 g6 9. Nc3 Bg7 10. Rd1 0-0 11. Nf3 Ng4 12. Bf4 Ne5 13. Rac1 b6 14. Nxe5 dxe5 15. Be3 Bd7 16. c5 b5 17. b4 Nc6 18. Qb2 Nd4 19. Ne2 Nc6 20. Rd2 Rfd8 21. Bg5 Rdb8 22. Rdd1 Be8 23. Bb1 a5 24. a3 axb4 25. axb4 Ra4 26. Bd2 Rba8 27. Nc3 Rxb4 28. Nxb5 Rxb2 29. Nxc7 Rd8 30. Bc3 Rbb8 31. Rxd8 Rxd8 32. Bc2 Nd4 33. Bxd4 exd4 34. Nxe8 Rxe8 35. Bd3 Be5 36. Kf1 Ra8 37. g3 g5 38. c6 1/2-1/2

[Event "CFriend SH-2004-0-00019 email"]
[Site "Chessfriend.com"]
[Date "2004.04.02"]
[Round "1"]
[White "Gaillard, Edward"]
[Black "Deschamp, Guy"]
[Result "1/2-1/2"]
[WhiteElo "2231"]
[BlackElo "2370"]
[PlyCount "117"]
[EventDate "2004.04.02"]
[EventType "tourn (corr)"]
[EventRounds "12"]
[SourceTitle "Corr 2008"]
[Source "ChessBase"]
[SourceDate "2008.06.24"]
[SourceVersion "1"]
[SourceVersionDate "2008.06.24"]
[SourceQuality "1"]

1. c4 e6 2. Nf3 Nf6 3. g3 a6 4. Bg2 b5 5. b3 d5 6. cxd5 exd5 7. d4 Bb4+ 8. Bd2 Be7 9. Nc3 c6 10. Qc2 0-0 11. 0-0 b4 12. Na4 Ne4 13. Bf4 Bf5 14. Qc1 a5 15. Ne5 Re8 16. f3 Ng5 17. g4 Bc8 18. Nxc6 Nxc6 19. Qxc6 Ra6 20. Qc1 Ne6 21. Be3 Bd7 22. Qd2 Bxa4 23. bxa4 Rc6 24. Rac1 Rc4 25. f4 Bf6 26. Rfd1 g5 27. fxg5 Nxg5 28. Qd3 Ne4 29. Bxe4 Rxe4 30. Rxc4 Rxg4+ 31. Kf1 dxc4 32. Qxc4 Qe8 33. Rd3 Qe4 34. Ke1 Kg7 35. Qc8 Rg6 36. d5 Qh1+ 37. Kd2 Qxh2 38. Qc4 h5 39. Bf4 Rg4 40. Bxh2 Rxc4 41. d6 h4 42. Rd5 Bd8 43. Rb5 Kf8 44. Be5 Ke8 45. Kd3 Rc1 46. Bf4 Ra1 47. Bg5 Bxg5 48. Rxg5 h3 49. Rh5 Kd7 50. Kc4 Rxa2 51. Rxa5 Rxe2 52. Rh5 h2 53. Rh6 Rb2 54. a5 f5 55. a6 Ra2 56. Kxb4 Rxa6 57. Rxh2 Rxd6 58. Kc3 Ke6 59. Rh6+ 1/2-1/2

[Event "CFriend SH-2004-0-00019 email"]
[Site "Chessfriend.com"]
[Date "2004.04.02"]
[Round "1"]
[White "Gaillard, Edward"]
[Black "Santos, Roman"]
[Result "1-0"]
[WhiteElo "2231"]
[BlackElo "2062"]
[PlyCount "53"]
[EventDate "2004.04.02"]
[EventType "tourn (corr)"]
[EventRounds "12"]
[SourceTitle "Corr 2008"]
[Source "ChessBase"]
[SourceDate "2008.06.24"]
[SourceVersion "1"]
[SourceVersionDate "2008.06.24"]
[SourceQuality "1"]

1. c4 e6 2. Nf3 d5 3. d4 Nf6 4. g3 Be7 5. Bg2 0-0 6. 0-0 Nbd7 7. Qc2 c6 8. b3 b6 9. Rd1 Ba6 10. Nbd2 c5 11. e4 dxc4 12. Nxc4 cxd4 13. Nxd4 Rc8 14. e5 Nd5 15. Qb2 Bxc4 16. bxc4 Rxc4 17. Bxd5 exd5 18. Nf5 Rb4 19. Qd2 Rb5 20. Qe2 Ra5 21. Bd2 Ra4 22. Bc3 Nc5 23. Rxd5 Qc7 24. Rad1 Bd8 25. Nxg7 Kxg7 26. e6+ Kg8 27. exf7+ 1-0

[Event "CFriend SH-2004-0-00019 email"]
[Site "Chessfriend.com"]
[Date "2004.04.02"]
[Round "1"]
[White "Lacasa Diaz, Jose Antonio"]
[Black "Gaillard, Edward"]
[Result "0-1"]
[WhiteElo "2176"]
[BlackElo "2231"]
[PlyCount "50"]
[EventDate "2004.04.02"]
[EventType "tourn (corr)"]
[EventRounds "12"]
[SourceTitle "Corr 2008"]
[Source "ChessBase"]
[SourceDate "2008.06.24"]
[SourceVersion "1"]
[SourceVersionDate "2008.06.24"]
[SourceQuality "1"]

1. e4 c5 2. Nf3 e6 3. Nc3 Nc6 4. Bb5 Nd4 5. 0-0 Ne7 6. Nxd4 cxd4 7. Ne2 a6 8. Ba4 Nc6 9. d3 Bc5 10. Bxc6 dxc6 11. Ng3 0-0 12. e5 Qh4 13. Ne4 Be7 14. h3 f5 15. Kh2 g5 16. Nd6 g4 17. Qe2 Rd8 18. Bf4 gxh3 19. Bg3 Qh6 20. gxh3 Rf8 21. Rg1 Kh8 22. f4 Bd7 23. c3 dxc3 24. bxc3 b5 25. a4 a5 0-1

[Event "CFriend SH-2004-0-00019 email"]
[Site "Chessfriend.com"]
[Date "2004.04.02"]
[Round "1"]
[White "Sidenko, Anatoly Viktorovich"]
[Black "Gaillard, Edward"]
[Result "1-0"]
[WhiteElo "2256"]
[BlackElo "2231"]
[PlyCount "111"]
[EventDate "2004.04.02"]
[EventType "tourn (corr)"]
[EventRounds "12"]
[SourceTitle "Corr 2008"]
[Source "ChessBase"]
[SourceDate "2008.06.24"]
[SourceVersion "1"]
[SourceVersionDate "2008.06.24"]
[SourceQuality "1"]

1. d4 Nf6 2. c4 e6 3. Nc3 Bb4 4. Qc2 0-0 5. a3 Bxc3+ 6. Qxc3 b6 7. Bg5 Bb7 8. e3 d6 9. f3 Nbd7 10. e4 c5 11. Nh3 h6 12. Be3 cxd4 13. Qxd4 d5 14. e5 Ne8 15. Be2 f6 16. exf6 e5 17. Qd3 Nexf6 18. cxd5 Nxd5 19. Rd1 Rc8 20. 0-0 Nxe3 21. Qxe3 Qe7 22. Rfe1 Qf7 23. Nf2 Rfe8 24. Bb5 Bc6 25. Ba6 Rc7 26. Qc3 Kh8 27. Ne4 Qg6 28. Rd6 Re6 29. Red1 Nc5 30. Rd8+ Kh7 31. Nxc5 bxc5 32. Bc4 Re8 33. Bd3 e4 34. Rxe8 Qxe8 35. fxe4 Qg6 36. Re1 Rd7 37. Re3 Qg5 38. Rg3 Qf4 39. Rf3 Qg5 40. b4 Qg4 41. Qc4 Rxd3 42. Rxd3 Qe2 43. Qc3 cxb4 44. axb4 Bxe4 45. Rg3 Qd1+ 46. Kf2 Qd7 47. h4 Bg6 48. Re3 Qg4 49. g3 Qd7 50. Re5 Qf7+ 51. Qf3 Qa2+ 52. Re2 Qb1 53. h5 Bd3 54. Rd2 Be4 55. Qc3 Bf5 56. Re2 1-0

[Event "CFriend SH-2004-0-00019 email"]
[Site "Chessfriend.com"]
[Date "2004.04.02"]
[Round "?"]
[White "Simmelink, Joop Theo"]
[Black "Gaillard, Edward"]
[Result "1/2-1/2"]
[WhiteElo "2346"]
[BlackElo "2224"]
[PlyCount "37"]
[EventDate "2004.04.02"]
[EventType "tourn (corr)"]
[EventRounds "12"]
[SourceTitle "Corr 2008"]
[Source "ChessBase"]
[SourceDate "2008.06.24"]
[SourceVersion "1"]
[SourceVersionDate "2008.06.24"]
[SourceQuality "1"]

1. e4 c5 2. Nf3 e6 3. d4 cxd4 4. Nxd4 a6 5. Nc3 Qc7 6. Bd3 Nf6 7. f4 b5 8. e5 b4 9. Ne4 Nxe4 10. Bxe4 Bb7 11. Bxb7 Qxb7 12. 0-0 Nc6 13. Be3 Bc5 14. c3 bxc3 15. bxc3 0-0 16. Kh1 Bxd4 17. Bxd4 Nxd4 18. Qxd4 f6 19. Rab1 1/2-1/2

[Event "IECG CM.2003.0.00212 email"]
[Site "IECG email"]
[Date "2003.02.19"]
[Round "?"]
[White "Balmelle, Jean Luc"]
[Black "Gaillard, Edward"]
[Result "0-1"]
[WhiteElo "2240"]
[BlackElo "2200"]
[PlyCount "44"]
[EventDate "2003.02.19"]
[EventType "tourn (corr)"]
[EventRounds "6"]
[SourceTitle "Corr 2008"]
[Source "ChessBase"]
[SourceDate "2008.06.24"]
[SourceVersion "1"]
[SourceVersionDate "2008.06.24"]
[SourceQuality "1"]

1. e4 c5 2. Nf3 e6 3. d4 cxd4 4. Nxd4 a6 5. Bd3 Nf6 6. 0-0 Qc7 7. Qe2 d6 8. c4 g6 9. Nc3 Bg7 10. Nf3 0-0 11. Bf4 Nbd7 12. Rfd1 Ng4 13. Rac1 b6 14. Bb1 Nde5 15. Nxe5 Nxe5 16. b3 Re8 17. Be3 Rb8 18. f4 Nd7 19. Qd2 Bf8 20. a3 Nc5 21. Bc2 Nd7 22. Bd4 Bb7 0-1

[Event "IECG CM.2003.0.00212 email"]
[Site "IECG email"]
[Date "2003.02.19"]
[Round "?"]
[White "Gaillard, Edward"]
[Black "Bonehill, Andrew J"]
[Result "1/2-1/2"]
[WhiteElo "2200"]
[BlackElo "2200"]
[PlyCount "75"]
[EventDate "2003.02.19"]
[EventType "tourn (corr)"]
[EventRounds "6"]
[SourceTitle "Corr 2008"]
[Source "ChessBase"]
[SourceDate "2008.06.24"]
[SourceVersion "1"]
[SourceVersionDate "2008.06.24"]
[SourceQuality "1"]

1. Nf3 Nf6 2. c4 e6 3. Nc3 c5 4. g3 b6 5. Bg2 Bb7 6. 0-0 Be7 7. Re1 Ne4 8. d4 Nxc3 9. bxc3 Nc6 10. d5 Na5 11. d6 Bf8 12. Qd3 f5 13. Nh4 Bxg2 14. Nxg2 Nc6 15. e4 fxe4 16. Rxe4 Qf6 17. Re1 Ne5 18. Qe4 Nf3+ 19. Kh1 Rb8 20. Rd1 g5 21. Nf4 g4 22. Nh5 Qg6 23. Qxg4 Qxg4 24. Nf6+ Kf7 25. Nxg4 h5 26. Ne3 e5 27. Kg2 e4 28. Nf5 Ke6 29. Rd5 Rh7 30. Bf4 Rf7 31. Ne3 h4 32. Rh5 Bg7 33. Nd5 Rh8 34. Nc7+ Kf6 35. Nd5+ Ke6 36. Nc7+ Kf6 37. Nd5+ Ke6 38. Nc7+ 1/2-1/2